वीर सावरकर / (Record no. 117908)

MARC details
000 -LEADER
fixed length control field 01083nam a22002657a 4500
005 - DATE AND TIME OF LATEST TRANSACTION
control field 20170124103103.0
010 ## - LIBRARY OF CONGRESS CONTROL NUMBER
LC control number B-071658
020 ## - INTERNATIONAL STANDARD BOOK NUMBER
Terms of availability 150.00
International Standard Book Number 8170433363
035 ## - SYSTEM CONTROL NUMBER
System control number B-071658
037 ## - SOURCE OF ACQUISITION
Source of stock number/acquisition Cen Lib/Ret
040 ## - CATALOGING SOURCE
Original cataloging agency DPL
Language of cataloging HN
082 ## - DEWEY DECIMAL CLASSIFICATION NUMBER
Classification number 921
Item number मेहरो
100 ## - MAIN ENTRY--PERSONAL NAME
Personal name मेहरोत्रा, एन.सी.
9 (RLIN) 143128
245 ## - TITLE STATEMENT
Title वीर सावरकर /
Statement of responsibility, etc एन.सी. मेहरोत्रा
246 ## - VARYING FORM OF TITLE
Title proper/short title Veer savarkar /
Remainder of title by N.C. Mehrotra
260 ## - PUBLICATION, DISTRIBUTION, ETC. (IMPRINT)
Place of publication, distribution, etc दिल्ली
Name of publisher, distributor, etc आत्माराम एंड संस
Date of publication, distribution, etc 2002
270 ## - ADDRESS
Address कश्मीरी गेट
City दिल्ली
Postal code 110006
300 ## - PHYSICAL DESCRIPTION
Extent 183पृ.
Dimensions 19सेमी(सजिल्द)
500 ## - GENERAL NOTE
General note सन्दर्भ सूची भी शामिल
650 ## - SUBJECT ADDED ENTRY--TOPICAL TERM
Topical term or geographic name as entry element राजनेता--जीवनी--भारत
9 (RLIN) 143129
650 ## - SUBJECT ADDED ENTRY--TOPICAL TERM
Topical term or geographic name as entry element क्रांतिकारियों
9 (RLIN) 4367
650 ## - SUBJECT ADDED ENTRY--TOPICAL TERM
Topical term or geographic name as entry element Politicians - Biography - India
9 (RLIN) 143130
650 ## - SUBJECT ADDED ENTRY--TOPICAL TERM
Topical term or geographic name as entry element Revolutionaries
9 (RLIN) 28165
942 ## - ADDED ENTRY ELEMENTS (KOHA)
Source of classification or shelving scheme Dewey Decimal Classification
Koha item type Hindi Books
Classification part 921
Call number suffix मेहरो
Holdings
Withdrawn status Lost status Damaged status Not for loan Home library Current library Date acquired Source of acquisition Cost, normal purchase price Total Checkouts Full call number Barcode Date last seen Copy number Cost, replacement price Price effective from Koha item type
        Central Library Central Library 08/09/2015 Cen Lib/Ref 150.00   921 मेहरो B-071658 08/09/2015 1 150.00 08/09/2015 Hindi Books

© Delhi Public Library
Hit Counter
free hit counter